000 00507nam a2200217Ia 4500
003 0100
008 130227s9999 xx 000 0 und d
040 _cARRUPELIB
050 _aBX1750.K84A3
100 _aKung, Hans
245 _aMy struggle for freedom
260 _aLondon
260 _bContinuum
260 _C2003
300 _axviii
300 _b 478p. 25cm.
650 _bHappiness--Religious aspects--Christianity
650 _cHappiness
650 _dDesire for God
942 _2lcc
_01
999 _c4628
_d4628